000
00283nam a2200121Ia 4500
008
221030s9999 xx 000 0 und d
041
_a
English
100
_a
N. Carter
245
0
_a
Schaum`s Outlines Computer Architecture
_c
by N. Carter
260
_c
0
650
_a
B
942
_c
BK
999
_c
14049
_d
14049